=LDR 00000nam 2200000 4500 =001 INLIS000000000022881 =005 20130612121607 =008 ***********************************ind** =035 ##$$0010-061300000022881 =041 ##$$a ind =082 ##$$a 813 =090 ##$$a 813, ASM m =100 ##$$a Asmabuasappe =245 ##$$a Manarmakeri, Cerita rakyat papua, Asmabuasappe =260 ##$$a 2004 $b Jakarta =300 ##$$a vi, 75 hlm., 25 cm =650 ##$$a Cerita Rakyat =650 ##$$a Papua =850 ##$$a NBPNMAT =990 ##$$a 10081008 =990 ##$$a 30617914